Techničeskaja diagnostika upravljajuščich sistem

Uložené v:
Podrobná bibliografia
Hlavný autor: Guljajev, Vasilij Anatol'jevič
Médium: Kniha
Jazyk:Russian
Vydavateľské údaje: Kijev Naukova dumka 1983
Tagy: Pridať tag
Žiadne tagy, Buďte prvý, kto otaguje tento záznam!

MARC

LEADER 00000nam a2200000 4500
001 c112476
005 20041019155153.1
041 0 |a rus 
044 |a UA 
245 1 0 |a Techničeskaja diagnostika upravljajuščich sistem  |c Vasilij Anatol'jevič Guljajev 
264 1 |a Kijev  |b Naukova dumka  |c 1983 
300 |a 206 s. 
100 1 |a Guljajev, Vasilij Anatol'jevič